| 000 | 00394nam a2200145Ia 4500 | ||
|---|---|---|---|
| 008 | 230917s9999||||xx |||||||||||||| ||und|| | ||
| 040 |
_e40924 _aMAIN |
||
| 041 | _aEnglish | ||
| 082 | _a973.317 M731P | ||
| 100 | _aMorris, Richard B | ||
| 245 | 0 | _aPeacemakers: The great powers and American independence | |
| 260 |
_aNew York _bHarper and Row _c1965 |
||
| 300 | _axviii, 572 p. | ||
| 942 | _cBK | ||
| 999 |
_c155525 _d155525 |
||